| 000 | 02109nam a22003137a 4500 | ||
|---|---|---|---|
| 999 |
_c21823 _d21823 |
||
| 003 | AR-CdUCM | ||
| 008 | 190425b ||||| |||| 00| 0 spa d | ||
| 040 |
_aMUNICIPALIDAD PROVINCIAL DEL CUSCO _cBIBLIOTECA MUNICIPAL DEL CUSCO |
||
| 082 | _aRev.Allp/N°25/1985 | ||
| 110 |
_aInstituto de Pastoral Andina _912766 |
||
| 245 |
_aAllpanchis Phuturinqa : _bRevista Anual / |
||
| 260 |
_aCusco : _bCentro Bartolomé de Las Casas, _c1985. |
||
| 300 |
_a300 páginas. : _c20 cm. |
||
| 440 |
_aRevista del Instituto de Pastoral Andina Cusco _nAño XV, 1985,N°25.Vol. XXI. _946261 |
||
| 500 | _aMujer andina | ||
| 505 | _aContenido: La comunera como productora trabajo de mujer por trabajo de hombre. Marisol de la Cadena. -- Complementariedad y conflicto una visión andina del hombre y la mujer. Olivia Harris. -- Roles y valores de la mujer andina. Aurora Lapiedra.-- Familia campesina andina y la reproducción biológica un estudio de caso en los andes centrales. Pilar Saravia. -- Migración femenina de comunidades campesinas un estudio de caso Cusco. Sarah Radclife. -- Campesinas de Huaro. Carmen Chira. -- Campesinas de Santa Rosa de Ocopa. Carmen Chira. -- Campesinas de Characato. Violeta Sara Lafosse. -- Nuevas formas de hacer politica las amas de casa populares. Cecilia Blondet. -- Rasgos de una nueva identidad desde la experiencia de la mujer en barrios. Fryne Santisteban. -- En torno a los proyectos de promoción de la mujer campesina. Nora Galer. -- El Qarawi y su función social. Jesús Cavero. -- Sistema de propiedad y tenencia de pastos naturales alto andinos . Juvenal Casaverde. -- Experiencias pastorales andinas y practicas etnográficas. Henrique Urbano. | ||
| 650 |
_aComunidades campesinas _92214 |
||
| 650 |
_aEconomía campesina _92215 |
||
| 650 |
_aGenero _946262 |
||
| 650 |
_aMujeres andinas _946263 |
||
| 700 |
_aLapiedra, Aurora _946257 |
||
| 700 |
_aDe la Cadena, Marisol _946243 |
||
| 700 |
_aHarris, Olivia _946264 |
||
| 700 |
_aSaravia, Pilar _946265 |
||
| 700 |
_aRadclife, Sarah _946266 |
||
| 700 |
_aChira, Carmen _946267 |
||
| 942 |
_2ddc _cPP |
||
| 945 | _arac | ||